Top 10 Songs by Nirvana - Statistics

General Stats
  • This quiz has been taken 16 times
  • The average score is 8 of 10
Answer Stats
Hint Answer % Correct
2 Come as You Are
100%
4 Lithium
100%
1 Smells like Teen Spirit
100%
5 In Bloom
93%
6 All Apologies
86%
3 Heart-Shaped Box
86%
9 Rape Me
79%
8 Something in the Way
79%
7 About a Girl
71%
10 You Know You're Right
21%
No matching quizzes found
Score Distribution
Percent of People with Each Score
Percentile by Number Answered
Your Score History
You have not taken this quiz